Lernzial Deutsch Deutsch als Fremdsprache (Record no. 5845)

MARC details
000 -LEADER
fixed length control field 00218nam a22000857a 4500
008 - FIXED-LENGTH DATA ELEMENTS--GENERAL INFORMATION
fixed length control field 170131b xxu||||| |||| 00| 0 eng d
020 ## - INTERNATIONAL STANDARD BOOK NUMBER
International Standard Book Number 3190013616
100 ## - MAIN ENTRY--PERSONAL NAME
9 (RLIN) 2685
Personal name Verlag.M.H.
245 ## - TITLE STATEMENT
Title Lernzial Deutsch Deutsch als Fremdsprache
260 ## - PUBLICATION, DISTRIBUTION, ETC. (IMPRINT)
Place of publication, distribution, etc. Chennai
Name of publisher, distributor, etc. Chennai Micro Print
Date of publication, distribution, etc. 1998
Holdings
Withdrawn status Lost status Source of classification or shelving scheme Damaged status Koha normalized classification for sorting Not for loan Home library Current library Shelving location Date acquired Total Checkouts Full call number Barcode Date last seen Price effective from Koha item type
    Dewey Decimal Classification   VER_430_000000000000000   Good Samaritan School Library Good Samaritan School Library German 01/31/2017   VER430 VER8494 01/31/2017 01/31/2017 BOOK

Powered by Koha